000 01564nam a22003977a 4500
001 11939972
003 OSt
005 20210422052401.0
008 000313s1999 enka b 001 0aeng
010 _a 00265620
020 _a0192838458
040 _aeng
_cDLC
_deng
_beng
041 _aeng
043 _ae-uk-en
050 0 0 _aPR5686
_b.A36 1999
080 _a92
_bT-87
082 0 0 _a823/.8
_aB
_221
100 1 _aTrollope, Anthony,
_d1815-1882.
245 1 3 _aAn autobiography /
_cAnthony Trollope ; edited by Michael Sadleir and Frederick Page ; with an introduction by P.D. Edwards.
_b/ by: Oxford University Press,
260 _aOxford [England] ;
_aNew York :
_bOxford University Press,
_c1999.
300 _axxxvii, 398 p. :
_bill. ;
_c20 cm.
365 _b9.95 usd
490 1 _aOxford world's classics
500 _aOriginally published: Oxford ; New York : Oxford University Press, 1980, in series: The world's classics.
504 _aIncludes bibliographical references (p. 368-369) and index.
600 1 0 _aTrollope, Anthony,
_d1815-1882.
650 0 _aNovelists, English
_y19th century
_vBiography.
650 0 _aAutobiography
_9588
653 _aაუტობიოგრაფია
700 1 _aSadleir, Michael,
_d1888-1957.
700 1 _aPage, Frederick,
_d1879-1962.
830 0 _aOxford world's classics (Oxford University Press)
906 _a7
_bcbc
_corigcop
_d2
_encip
_f20
_gy-gencatlg
942 _2udc
_cBK
999 _c766
_d766